Co-operative Insurance Society Ltd v Hastings BC (Record no. 44640)
[ view plain ]
| 000 -LEADER | |
|---|---|
| fixed length control field | 01562cab a2200253 4500 |
| 001 - CONTROL NUMBER | |
| control field | ABS49312 |
| 008 - FIXED-LENGTH DATA ELEMENTS--GENERAL INFORMATION | |
| fixed length control field | 090401t1993 xxu||||| |||| 00| 0 eng d |
| 035 ## - SYSTEM CONTROL NUMBER | |
| System control number | (Sirsi) u70866 |
| 041 ## - LANGUAGE CODE | |
| Language code of text/sound track or separate title | eng |
| 245 ## - TITLE STATEMENT | |
| Title | Co-operative Insurance Society Ltd v Hastings BC |
| 260 ## - PUBLICATION, DISTRIBUTION, ETC. | |
| Date of publication, distribution, etc. | 1993 |
| 350 ## - PRICE (NR) (BK AM CF MU VM SE) [OBSOLETE] | |
| Price | 0 |
| 490 ## - SERIES STATEMENT | |
| Series statement | Estates Gazette |
| Volume/sequential designation | 1993 37 EG 151-155(5) |
| 520 ## - SUMMARY, ETC. | |
| Summary, etc. | ChD 16 June 1993. Concerned whether a notice given by H to C pursuant to Compulsory Purchase (Vesting Declarations) Act 1981 s3 was the exercise of powers of compulsory purchase conferred on H by the Hastings Central Cricket and Recreation Ground Compulsory Purchase Order 1987 for the purposes of Compulsory Purchase Act 1965 s4. The cpo was confirmed 9 March 1987. As H had not exercised its powers under the order within the three year period which expired on 9 March 1990, C argued that the cpo no longer existed. H argued that its had complied with the 1965 Act. "Westminster CC v Quereshi" 1991 considered. Held, a notice issued under the 1981 Act s3 is not an excercise of power under 1965 Act s4. C`s claim that the cpo ceased to be exercisable after three years accepted. |
| 650 ## - SUBJECT ADDED ENTRY--TOPICAL TERM | |
| Topical term or geographic name entry element | COMPULSORY PURCHASE (VESTING DECLARATIONS) ACT 1981 |
| 650 ## - SUBJECT ADDED ENTRY--TOPICAL TERM | |
| Topical term or geographic name entry element | COMPULSORY PURCHASE ACT 1965 S4 |
| 650 ## - SUBJECT ADDED ENTRY--TOPICAL TERM | |
| Topical term or geographic name entry element | Compulsory purchase |
| 9 (RLIN) | 6228 |
| 650 ## - SUBJECT ADDED ENTRY--TOPICAL TERM | |
| Topical term or geographic name entry element | HASTINGS CRICKET GROUND |
| 650 ## - SUBJECT ADDED ENTRY--TOPICAL TERM | |
| Topical term or geographic name entry element | TIME LIMITS |
| 650 ## - SUBJECT ADDED ENTRY--TOPICAL TERM | |
| Topical term or geographic name entry element | WESTMINSTER CC V QUERESHI |
| 690 ## - LOCAL SUBJECT ADDED ENTRY--TOPICAL TERM (OCLC, RLIN) | |
| Topical term or geographic name as entry element | ENVIRONMENTAL AND LAND CONSULTANCY-PLANNING AND DEVELOPMENT-COMPULSORY PURCHASE AND COMPENSATION |
| 942 ## - ADDED ENTRY ELEMENTS (KOHA) | |
| Suppress in OPAC | 0 |
| 948 ## - LOCAL PROCESSING INFORMATION (OCLC); SERIES PART DESIGNATOR (RLIN) | |
| c (OCLC) | 04/03/1997 |
| Withdrawn status | Lost status | Source of classification or shelving scheme | Damaged status | Not for loan | Home library | Current library | Shelving location | Date acquired | Total Checkouts | Full call number | Barcode | Date last seen | Copy number | Price effective from | Koha item type |
|---|---|---|---|---|---|---|---|---|---|---|---|---|---|---|---|
| Dewey Decimal Classification | London | London | Journal article | 14/09/1999 | ABS49312 | 70866-1001 | 06/08/2019 | 1 | 06/08/2019 | Law report |